| 000 | 00365nam a2200145Ia 4500 | ||
|---|---|---|---|
| 008 | 240624s9999 xx 000 0 und d | ||
| 041 | _aeng | ||
| 082 | _a005.133 HUB | ||
| 100 | _aHUBBARD JOHN R | ||
| 245 | _aSCHAUM S OUTLINE OF THEORY AND PROBLEMS | ||
| 260 |
_aNew Delhi _bTata McGrawhill |
||
| 300 | _aviii, : 356 : p. : cm. ; 27 | ||
| 365 | _cRS | ||
| 440 | _v1 | ||
| 999 |
_c2708 _d2708 |
||